| 000 | 00721nam a2200229 a 4500 | ||
|---|---|---|---|
| 999 |
_c10893 _d10893 |
||
| 001 | 10893 | ||
| 003 | BD-JhCC | ||
| 005 | 20230208134023.0 | ||
| 008 | 190527b2017 bd ||||| |||| 00| 0 eng d | ||
| 020 | _a9789848798393 | ||
| 035 | _a(BD-JhCC)10893 | ||
| 040 |
_aBD-JhCC _dBD-JhCC |
||
| 041 | _aben | ||
| 082 |
_bCHA 2017 _a891.443 |
||
| 100 | _aচট্টোপাধ্যায়, বঙ্কিমচন্দ্র | ||
| 245 |
_aদুর্গেশনন্দিনী / _c বঙ্কিমচন্দ্র চট্টোপাধ্যায় |
||
| 260 |
_aঢাকা: _bঅবসর; _c2017. |
||
| 300 |
_a203 p. : _c20 cm. |
||
| 650 | _aBengali Novel | ||
| 942 |
_2ddc _cBK _09 |
||